[Event "Faroes Open 2018"]
[Site "Sandavagur"]
[Date "2018.07.12"]
[Round "7"]
[White "Fjallheim, Leif Reinert"]
[Black "Nielsen, Jon I Horni"]
[Result "1/2-1/2"]
[WhiteElo "1886"]
[BlackElo "1735"]
[Annotator "NA"]
[PlyCount "58"]
[EventDate "2018.07.07"]
[EventType "swiss"]
[EventCountry "FAI"]
[SourceTitle "playchess.com"]
[Source "ChessBase"]
[SourceQuality "1"]
[TimeControl "40/5400+30:900+30"]

1. e4 {[%emt 0:01:01]} e5 {[%emt 0:00:00]} 2. Nf3 {[%emt 0:00:10]} Nc6 {[%emt 0:02:12]} 3. Bb5 {[%emt 0:00:27]} a6 {[%emt 0:00:50]} 4. Ba4 {[%emt 0:00:59]} b5 {[%emt 0:04:57]} 5. Bb3 {[%emt 0:00:10]} Nf6 {[%emt 0:01:30]} 6. d3 {[%emt 0:04:14]} d6 {[%emt 0:03:47]} 7. c3 {[%emt 0:02:27]} Be7 {[%emt 0:01:00]} 8. Nbd2 {[%emt 0:04:47]} O-O {[%emt 0:02:12]} 9. Nf1 {[%emt 0:05:26]} d5 {[%emt 0:04:46]} 10. Qe2 {[%emt 0:14:00] LiveBook: 7 Games} dxe4 {[%emt 0:01:05]} ({Black should try} 10... a5 $15) 11. dxe4 $11 {[%emt 0:01:05]} Bg4 {[%emt 0:03:33]} 12. h3 {[%emt 0:02:40]} Bxf3 {[%emt 0:02:29]} 13. Qxf3 {[%emt 0:04:22]} Na5 {[%emt 0:05:17]} 14. Bc2 {[%emt 0:06:00]} c5 {[%emt 0:02:55]} 15. Ng3 {[%emt 0:02:23]} Nc4 {[%emt 0:02:15]} 16. O-O {[%emt 0:08:41]} Nd6 {[%emt 0:05:04]} 17. Rd1 {[%emt 0:05:24]} Qc7 {[%emt 0:04:05]} 18. Bg5 {[%emt 0:05:25]} h6 {[%emt 0:02:28]} 19. Be3 {[%emt 0:03:11]} Rad8 {[%emt 0:03:18]} 20. Bb3 {[%emt 0:06:01]} c4 {[%emt 0:03:02]} 21. Bc2 {[%emt 0:00:16]} Rd7 {[%emt 0:01:33]} 22. Nf5 {[%emt 0:07:45]} Nxf5 {[%emt 0:01:29]} 23. Rxd7 {[%emt 0:01:27]} Qxd7 {[%emt 0:00:45]} 24. exf5 {[%emt 0:00:49]} Qd5 {[%emt 0:01:32]} 25. Qg3 {[%emt 0:04:28]} Nh5 {[%emt 0:00:50]} 26. Qg4 {[%emt 0:00:20]} Nf6 {[%emt 0:00:13]} 27. Qg3 {[%emt 0:00:20]} Nh5 {[%emt 0:00:14]} 28. Qg4 {[%emt 0:00:05]} Nf6 {[%emt 0:00:07]} 29. Qg3 {[%emt 0:00:52]} Nh5 {[%emt 0:00:05]} 1/2-1/2

[Event "Faroes Open 2018"]
[Site "Sandavagur"]
[Date "2018.07.12"]
[Round "7"]
[White "Olsen, Kaj"]
[Black "Nilssen, Ellen Fredericia"]
[Result "1/2-1/2"]
[WhiteElo "1696"]
[BlackElo "2152"]
[Annotator "NA"]
[PlyCount "78"]
[EventDate "2018.07.07"]
[EventType "swiss"]
[EventCountry "FAI"]
[SourceTitle "playchess.com"]
[Source "ChessBase"]
[SourceQuality "1"]
[TimeControl "40/5400+30:900+30"]

1. e4 {[%emt 0:00:00]} e6 {[%emt 0:00:00]} 2. d4 {[%emt 0:00:00]} d5 {[%emt 0:00:00]} 3. Nc3 {[%emt 0:00:00]} Bb4 {[%emt 0:00:09]} 4. e5 {[%emt 0:00:07]} c5 {[%emt 0:02:17]} 5. a3 {[%emt 0:00:09]} Ba5 {[%emt 0:02:12]} 6. b4 {[%emt 0:00:34]} cxd4 {[%emt 0:01:05]} 7. Nb5 {[%emt 0:01:35]} Bc7 {[%emt 0:00:02]} 8. Nf3 {[%emt 0:05:45]} Bd7 {[%emt 0:04:59]} 9. Qxd4 {[%emt 0:07:34]} Nc6 {[%emt 0:10:17]} 10. Qg4 {[%emt 0:05:16]} Kf8 {[%emt 0:05:45]} 11. Bb2 {[%emt 0:05:26]} h5 $16 {[%emt 0:10:22]} 12. Qg3 {[%emt 0:06:03]} Nce7 {[%emt 0:14:48]} 13. Nxc7 {[%emt 0:19:21]} Qxc7 {[%emt 0:00:02]} 14. Bd3 {[%emt 0:00:30]} Ba4 {[%emt 0:09:52]} 15. Rc1 {[%emt 0:02:12]} Qd7 {[%emt 0:05:27]} 16. O-O {[%emt 0:03:05]} Nh6 {[%emt 0:03:51]} 17. Nd4 {[%emt 0:11:44]} a6 {[%emt 0:03:49]} 18. f4 {[%emt 0:02:59]} g6 {[%emt 0:01:52]} 19. Qg5 {[%emt 0:04:18]} Rh7 {[%emt 0:09:26]} 20. h3 {[%emt 0:02:11]} Qd8 {[%emt 0:01:38]} 21. Qf6 {[%emt 0:01:01]} Bd7 {[%emt 0:02:33]} 22. c4 {[%emt 0:03:44]} dxc4 {[%emt 0:00:28]} 23. Bxc4 {[%emt 0:00:23]} Nef5 {[%emt 0:00:49]} 24. Qxd8+ {[%emt 0:01:13]} Rxd8 {[%emt 0:00:02]} 25. Kf2 {[%emt 0:03:46]} Kg7 {[%emt 0:01:04]} 26. Rfd1 {[%emt 0:01:29]} Rhh8 {[%emt 0:01:37]} 27. Bb3 {[%emt 0:03:37]} Nxd4 {[%emt 0:02:32]} 28. Bxd4 {[%emt 0:00:32]} h4 {[%emt 0:01:51]} 29. Bb6 {[%emt 0:01:39]} Rc8 {[%emt 0:04:02]} 30. Rxc8 {[%emt 0:01:16]} Bxc8 {[%emt 0:00:02]} 31. Rc1 {[%emt 0:00:45]} Nf5 {[%emt 0:01:40]} 32. Kf3 {[%emt 0:02:29]} Bd7 {[%emt 0:00:15]} 33. a4 {[%emt 0:02:36]} Rc8 {[%emt 0:00:19]} 34. Rxc8 {[%emt 0:00:30]} Bxc8 {[%emt 0:00:01]} 35. a5 {[%emt 0:00:37]} Bd7 {[%emt 0:00:13]} 36. Bc2 {[%emt 0:00:57]} Ne7 {[%emt 0:01:51]} 37. Be4 {[%emt 0:01:20]} Nd5 {[%emt 0:00:10]} 38. Bc5 {[%emt 0:01:16]} Bc6 {[%emt 0:00:05]} 39. Bd6 {[%emt 0:00:45]} Kh6 {[%emt 0:00:23]} 1/2-1/2

[Event "Faroes Open 2018"]
[Site "Sandavagur"]
[Date "2018.07.12"]
[Round "7"]
[White "Joensen, Hans Petur"]
[Black "Petersen, Elias"]
[Result "1-0"]
[WhiteElo "1627"]
[BlackElo "1035"]
[Annotator "NA"]
[PlyCount "25"]
[EventDate "2018.07.07"]
[EventType "swiss"]
[EventCountry "FAI"]
[SourceTitle "playchess.com"]
[Source "ChessBase"]
[SourceQuality "1"]
[TimeControl "40/5400+30:900+30"]

1. c4 {[%emt 0:00:00]} e5 {[%emt 0:00:17]} 2. Nc3 {[%emt 0:00:16]} Nf6 {[%emt 0:00:29]} 3. g3 {[%emt 0:00:50]} c6 {[%emt 0:01:01]} 4. Bg2 {[%emt 0:00:56]} d5 {[%emt 0:00:32]} 5. cxd5 {[%emt 0:01:26]} cxd5 {[%emt 0:00:07]} 6. Qb3 {[%emt 0:02:36]} e4 {[%emt 0:01:14]} 7. d3 {[%emt 0:03:09]} b6 {[%emt 0:09:23]} 8. dxe4 {[%emt 0:05:14]} dxe4 {[%emt 0:01:00]} 9. Nxe4 {[%emt 0:03:12]} Nc6 {[%emt 0:01:29]} 10. Bg5 {[%emt 0:10:25]} Bb7 {[%emt 0:01:10]} 11. Rd1 {[%emt 0:04:47]} Qe7 {[%emt 0:01:03]} 12. Nd6+ {[%emt 0:01:51]} Kd7 {[%emt 0:01:13]} 13. Nf5+ {Bc8} 1-0

[Event "Faroes Open 2018"]
[Site "Sandavagur"]
[Date "2018.07.12"]
[Round "7"]
[White "Petersen, Gutti"]
[Black "Djurhuus, Arant"]
[Result "1/2-1/2"]
[WhiteElo "1596"]
[BlackElo "1703"]
[Annotator "NA"]
[PlyCount "72"]
[EventDate "2018.07.07"]
[EventType "swiss"]
[EventCountry "FAI"]
[SourceTitle "playchess.com"]
[Source "ChessBase"]
[SourceQuality "1"]
[TimeControl "40/5400+30:900+30"]

1. e4 {[%emt 0:00:12]} e5 {[%emt 0:00:00]} 2. Nf3 {[%emt 0:00:35]} Nc6 {[%emt 0:00:00]} 3. Bb5 {[%emt 0:01:02]} a6 {[%emt 0:00:13]} 4. Bxc6 {[%emt 0:00:22]} dxc6 {[%emt 0:00:11]} 5. d3 {[%emt 0:00:03]} Bd6 {[%emt 0:00:26]} 6. Be3 {[%emt 0:01:11]} Ne7 {[%emt 0:01:14]} 7. d4 {[%emt 0:05:52]} Bg4 {[%emt 0:10:12]} 8. c3 {[%emt 0:03:55]} Ng6 {[%emt 0:02:32]} 9. Nbd2 {[%emt 0:01:44]} Nh4 {[%emt 0:04:42]} 10. O-O {[%emt 0:04:38]} Qf6 {[%emt 0:15:10]} 11. h3 {[%emt 0:04:05]} exd4 {[%emt 0:22:09]} 12. cxd4 {[%emt 0:03:06]} Nxf3+ {[%emt 0:09:31]} 13. Nxf3 {[%emt 0:01:03]} Bxf3 {[%emt 0:02:31]} 14. Qxf3 Qxf3 15. gxf3 {[%emt 0:02:30]} O-O-O {[%emt 0:00:41]} 16. e5 {[%emt 0:03:22]} Bb4 {[%emt 0:01:24]} 17. a3 {[%emt 0:00:34]} Ba5 {[%emt 0:00:10]} 18. Rfd1 {[%emt 0:02:02]} Rd5 {[%emt 0:01:15]} 19. Rd3 {[%emt 0:00:44]} c5 {[%emt 0:04:38]} 20. Rad1 {[%emt 0:04:06]} c4 {[%emt 0:00:24]} 21. Rc3 {[%emt 0:01:03]} Bxc3 {[%emt 0:03:42]} 22. bxc3 {[%emt 0:00:16]} Ra5 {[%emt 0:02:02]} 23. Ra1 {[%emt 0:00:48]} Rd8 {[%emt 0:00:16]} 24. Kg2 {[%emt 0:00:30]} Rdd5 {[%emt 0:00:46]} 25. f4 {[%emt 0:00:19]} Kd7 {[%emt 0:01:21]} 26. Kf3 {[%emt 0:00:15]} Rdb5 {[%emt 0:00:31]} 27. Ke4 {[%emt 0:01:18]} Rb3 {[%emt 0:01:17]} 28. Bd2 {[%emt 0:03:51]} Raxa3 {[%emt 0:01:11]} 29. Rxa3 {[%emt 0:00:10]} Rxa3 {[%emt 0:00:17]} 30. d5 {[%emt 0:00:35]} c6 {[%emt 0:04:47]} 31. Kd4 {[%emt 0:00:10]} cxd5 {[%emt 0:00:23]} 32. Kxd5 {[%emt 0:00:18]} b5 {[%emt 0:00:46]} 33. f5 {[%emt 0:00:24]} Rb3 {[%emt 0:00:37]} 34. e6+ {[%emt 0:00:45]} fxe6+ {[%emt 0:00:09]} 35. fxe6+ {[%emt 0:00:23]} Ke8 {[%emt 0:00:09]} 36. h4 {[%emt 0:01:27]} a5 {[%emt 0:00:58]} 1/2-1/2

[Event "Faroes Open 2018"]
[Site "Sandavagur"]
[Date "2018.07.12"]
[Round "7"]
[White "Nielsen, Suni I Horni"]
[Black "Tummasarson, Flóvin Matras"]
[Result "1-0"]
[WhiteElo "1487"]
[BlackElo "1237"]
[Annotator "NA"]
[PlyCount "51"]
[EventDate "2018.07.07"]
[EventType "swiss"]
[EventCountry "FAI"]
[SourceTitle "playchess.com"]
[Source "ChessBase"]
[SourceQuality "1"]
[TimeControl "40/5400+30:900+30"]

1. e4 {[%emt 0:00:00]} e5 {[%emt 0:00:00]} 2. Nf3 {[%emt 0:00:00]} Nc6 {[%emt 0:00:00]} 3. Bc4 {[%emt 0:00:52]} Bc5 {[%emt 0:00:12]} 4. Nc3 {[%emt 0:01:04]} d6 {[%emt 0:00:34]} 5. h3 {[%emt 0:00:21]} Be6 {[%emt 0:01:14]} 6. Bb3 {[%emt 0:02:33]} Nf6 {[%emt 0:01:15]} 7. d3 {[%emt 0:01:24]} h6 {[%emt 0:01:48]} 8. O-O {[%emt 0:08:32]} O-O {[%emt 0:03:25]} 9. Ne2 {[%emt 0:02:20]} Qd7 {[%emt 0:07:57]} 10. Bxe6 {[%emt 0:11:44]} fxe6 {[%emt 0:01:37]} 11. Be3 {[%emt 0:00:21]} Bb6 {[%emt 0:00:21]} 12. Ng3 {[%emt 0:00:47]} Qf7 {[%emt 0:03:08]} 13. Nh2 {[%emt 0:04:10]} Qg6 {[%emt 0:09:15]} 14. Bxb6 {[%emt 0:03:03]} axb6 {[%emt 0:00:58]} 15. c3 {[%emt 0:05:10]} d5 {[%emt 0:10:54]} 16. Re1 {[%emt 0:11:10]} Rad8 {[%emt 0:06:03]} 17. Qb3 {[%emt 0:01:28]} Nh5 {[%emt 0:04:46]} 18. Re3 {[%emt 0:06:54]} d4 {[%emt 0:02:39]} 19. cxd4 {[%emt 0:02:07]} exd4 {[%emt 0:02:03]} 20. Rf3 {[%emt 0:03:57]} Rxf3 {[%emt 0:06:56]} 21. Nxf3 {[%emt 0:00:01]} Nxg3 {[%emt 0:00:47]} 22. fxg3 {[%emt 0:01:09]} Rf8 {[%emt 0:03:27]} 23. g4 {[%emt 0:03:43]} Kh8 {[%emt 0:05:12]} 24. Rf1 {[%emt 0:01:59]} e5 {[%emt 0:02:16]} 25. Qa3 {[%emt 0:01:03]} Qf6 {[%emt 0:03:34]} 26. Nd2 {[%emt 0:00:23]} 1-0

[Event "Faroes Open 2018"]
[Site "Sandavagur"]
[Date "2018.07.12"]
[Round "7"]
[White "Fjallheim, Benjamin Reinert"]
[Black "Jacobsen, Markus"]
[Result "1-0"]
[WhiteElo "1375"]
[BlackElo "1106"]
[Annotator "NA"]
[PlyCount "53"]
[EventDate "2018.07.07"]
[EventType "swiss"]
[EventCountry "FAI"]
[SourceTitle "playchess.com"]
[Source "ChessBase"]
[SourceQuality "1"]
[TimeControl "40/5400+30:900+30"]

1. e4 {[%emt 0:00:12]} e5 {[%emt 0:00:00]} 2. Nf3 {[%emt 0:00:27]} Nc6 {[%emt 0:00:44]} 3. Bc4 {[%emt 0:00:35]} Bc5 {[%emt 0:00:48]} 4. d3 {[%emt 0:00:50]} Nf6 {[%emt 0:01:27]} 5. Nc3 {[%emt 0:01:40]} O-O {[%emt 0:01:58]} 6. Bg5 {[%emt 0:01:43]} h6 {[%emt 0:03:05]} 7. Bh4 {[%emt 0:00:28]} b6 {[%emt 0:04:13]} 8. Nd5 {[%emt 0:01:40]} Be7 {[%emt 0:00:56]} 9. Nxe7+ {[%emt 0:01:06]} Qxe7 {[%emt 0:00:46]} 10. Qd2 {[%emt 0:03:27]} Nd4 {[%emt 0:06:08]} 11. Nxd4 {[%emt 0:02:50]} exd4 {[%emt 0:03:17]} 12. O-O-O {[%emt 0:08:02]} Qd6 {[%emt 0:02:16]} 13. h3 {[%emt 0:02:44]} Nh5 {[%emt 0:01:45]} 14. g4 {[%emt 0:02:29]} Qf4 {[%emt 0:01:37]} 15. Rde1 {[%emt 0:06:33]} g5 {[%emt 0:02:24]} 16. Qxf4 {[%emt 0:01:04]} Nxf4 {[%emt 0:00:44]} 17. Bg3 {[%emt 0:00:14]} Ng2 {[%emt 0:02:54]} 18. Ref1 {[%emt 0:00:20]} Nf4 {[%emt 0:01:07]} 19. Bxf4 {[%emt 0:01:39]} gxf4 {[%emt 0:00:22]} 20. g5 {[%emt 0:01:00]} Kg7 {[%emt 0:00:58]} 21. Rfg1 {[%emt 0:01:00]} h5 {[%emt 0:01:20]} 22. e5 {[%emt 0:03:18]} Bb7 {[%emt 0:03:22]} 23. Rh2 {[%emt 0:00:30]} f3 {[%emt 0:01:51]} 24. c3 {[%emt 0:01:17]} dxc3 {[%emt 0:02:56]} 25. bxc3 {[%emt 0:00:10]} Rae8 {[%emt 0:01:10]} 26. d4 Rh8 {R} 27. Rhh1 1-0

[Event "Faroes Open 2018"]
[Site "Sandavagur"]
[Date "2018.07.13"]
[Round "8"]
[White "Ziska, Helgi Dam"]
[Black "Jones, Gawain C B"]
[Result "1/2-1/2"]
[WhiteElo "2552"]
[BlackElo "2670"]
[Annotator "TA"]
[PlyCount "62"]
[EventDate "2018.07.07"]
[EventType "swiss"]
[EventCountry "FAI"]
[SourceTitle "playchess.com"]
[Source "ChessBase"]
[SourceQuality "1"]

{[%evp 31,62,26,35,26,26,0,0,0,0,0,0,0,0,0,0,0,0,0,0,0,0,0,13,13,13,-12,0,0,8,-13,0,0,18]} 1. e4 c5 2. Nf3 Nc6 3. Bb5 g6 4. O-O Bg7 5. Re1 Nf6 {[%cal Bg8f6,Bf6d5,Bd5c7][%mdl 32]} 6. e5 Nd5 7. Nc3 {[%cal Bb1c3,Bc3e4,Be4f6][%mdl 32]} Nc7 8. Bxc6 dxc6 9. Ne4 b6 10. Nf6+ Kf8 11. Ne4 Bg4 12. d3 Ne6 {B31: Sizilianisch (Rossolimo-Variante)} 13. Ned2 Qd5 14. h3 Bxf3 15. Nxf3 Rd8 16. Be3 h6 {LiveBook: 4 Partien} 17. Qe2 Kg8 18. c4 Qxd3 {Die Stellung ist ausgeglichen.} 19. Qxd3 Rxd3 20. Rad1 Rxd1 21. Rxd1 {[#] Droht Td7.} f5 $146 22. exf6 Bxf6 23. Rd7 Kf7 24. Rxa7 Bxb2 25. Rb7 Ra8 26. Rxb6 Rxa2 27. Rxc6 Ra4 28. Nd2 Bc1 29. Nf3 Bb2 30. Nd2 Bc1 31. Nf3 Bb2 $1 {Precision: Weiß = 67%, Schwarz = 61%.} 1/2-1/2

[Event "Faroes Open 2018"]
[Site "Sandavagur"]
[Date "2018.07.13"]
[Round "8"]
[White "Greenfeld, Alon"]
[Black "Kunin, Vitaly"]
[Result "0-1"]
[WhiteElo "2496"]
[BlackElo "2538"]
[Annotator "TA"]
[PlyCount "80"]
[EventDate "2018.07.07"]
[EventType "swiss"]
[EventCountry "FAI"]
[SourceTitle "playchess.com"]
[Source "ChessBase"]
[SourceQuality "1"]

{[%evp 21,80,14,17,11,48,46,45,18,41,-15,-16,-11,-21,-39,-16,-18,-16,-15,-23,-19,-17,0,0,-35,-22,-48,-20,-39,-26,-47,0,-10,-15,-15,-10,-32,-31,-30,-39,-201,-177,-243,-183,-192,-192,-357,-352,-437,-435,-431,-426,-416,-411,-353,-285,-324,-295,-940,-696,-663,-648]} 1. d4 Nf6 2. c4 e6 3. Nf3 b6 4. a3 Ba6 5. Qc2 Bb7 6. Nc3 c5 7. e4 cxd4 8. Nxd4 Bc5 9. Nf3 {E12: Queen's Indian: Unusual White 4th moves, 4 a3, 4 Nc3 Bb7 5 a3 and 4 Nc3 Bb7} Ng4 10. Bg5 (10. Nd1 Qf6 11. Rb1 Qg6 12. Bd3 Nf6 13. Ng5 Ng4 14. b4 Be7 15. h4 Nc6 16. Ne3 Nge5 {0-1 (28) Duda,J (2717)-Korobov,A (2652) Riadh 2017}) 10... f6 11. Bh4 Nc6 {LiveBook: 4 Games} 12. Be2 h5 $146 ({Predecessor:} 12... O-O 13. Rd1 a6 14. O-O Qc7 15. Bg3 Nge5 16. b4 Be7 {1-0 (26) Buhmann,R (2612)-Braeuer,F (2413) Germany 2016}) 13. b4 Be7 14. Rd1 a5 15. O-O (15. b5 $1 $14 Nce5 16. Nxe5 Nxe5 17. Na4) 15... axb4 $11 16. axb4 Bxb4 17. Nb5 Nge5 18. Nxe5 Nxe5 19. Qb1 Bc5 20. Nd6+ Bxd6 $1 21. Rxd6 Bc6 22. Rfd1 {And now f4 would win.} Qc7 23. Bg3 Ra5 (23... h4 $5 {[%cal Rh4g3]} 24. Bxe5 fxe5 $15) 24. h4 Qb7 25. R6d4 Nf7 26. Qb4 Qa7 27. R4d2 Ra4 28. Qb1 (28. Qb2 {seems wilder.} Qa5 29. f3 Ne5 30. Rc2 Kf7 31. Rdc1) 28... O-O 29. Rb2 Ne5 30. Rc1 $2 {[#]} (30. Rb4 $15) 30... b5 $1 $19 {[%cal Re5c4][%mdl 512]} 31. Rb4 (31. Bxe5 $142 fxe5 32. Bf1) (31. cxb5 Bxe4) 31... Rxb4 (31... bxc4 32. Rxa4 Qxa4 33. Bxe5 $17) (31... Nxc4 32. Bxc4 bxc4 33. Rbxc4 $17) 32. Qxb4 Qd4 ({Don't take} 32... Nxc4 33. Bxc4 bxc4 34. Qxc4 $17) ({Not} 32... Bxe4 33. cxb5 Qb7 34. b6 $11) 33. Bxe5 $2 (33. Bf3) 33... fxe5 {[%cal Bf6e5,Be5e4,Be4f3][%mdl 32]} 34. Bf3 Bxe4 35. Rd1 Bd3 36. Qxb5 e4 37. Qb3 Rf6 ({Weaker is} 37... exf3 38. Rxd3 Qxh4 39. Rxf3 $17) 38. Qb8+ Kh7 39. Qe8 $2 (39. Qb3 Rf5 40. Rd2) 39... exf3 40. Qxh5+ Kg8 {Precision: White = 23%, Black = 68%.} 0-1

[Event "Faroes Open 2018"]
[Site "Sandavagur"]
[Date "2018.07.13"]
[Round "8"]
[White "Miezis, Normunds"]
[Black "Narayanan, Srinath"]
[Result "1/2-1/2"]
[WhiteElo "2463"]
[BlackElo "2549"]
[Annotator "RC"]
[PlyCount "96"]
[EventDate "2018.07.07"]
[EventType "swiss"]
[EventCountry "FAI"]
[SourceTitle "playchess.com"]
[Source "ChessBase"]
[SourceQuality "1"]
[TimeControl "40/5400+30:900+30"]

1. c4 {[%emt 0:00:00]} e6 {[%emt 0:00:59]} 2. e4 {[%emt 0:00:39]} d5 {[%emt 0:00:21]} 3. exd5 {[%emt 0:00:11]} exd5 {[%emt 0:00:01]} 4. d4 {[%emt 0:00:14]} Nf6 {[%emt 0:00:37]} 5. Nc3 {[%emt 0:01:31]} Bb4 {[%emt 0:03:15]} 6. Bd3 {[%emt 0:01:15]} O-O {[%emt 0:00:16]} 7. Nge2 {[%emt 0:00:35]} dxc4 {[%emt 0:00:26]} 8. Bxc4 {[%emt 0:00:18]} Nbd7 {[%emt 0:00:09]} 9. Bg5 {[%emt 0:07:25]} Nb6 {[%emt 0:03:13]} 10. Bd3 {[%emt 0:01:58]} h6 {[%emt 0:01:06]} 11. Bh4 {[%emt 0:00:57]} Be7 {[%emt 0:00:18]} 12. O-O {[%emt 0:06:52]} Nfd5 {[%emt 0:00:23]} 13. Bg3 {[%emt 0:01:08]} Bd6 {[%emt 0:01:13]} 14. Re1 {[%emt 0:05:46]} Bg4 {[%emt 0:14:00]} 15. f3 {[%emt 0:07:29]} Be6 {[%emt 0:03:24]} 16. Qd2 {[%emt 0:06:14]} Nxc3 {[%emt 0:05:07]} 17. bxc3 {[%emt 0:01:29]} Nc4 {[%emt 0:00:33]} 18. Qc1 {[%emt 0:04:07]} Nb6 {[%emt 0:14:53]} 19. Bf2 {[%emt 0:14:20]} Bc4 {[%emt 0:02:06]} 20. Be4 {[%emt 0:01:05]} Nd5 {[%emt 0:01:15]} 21. Bxd5 {[%emt 0:07:39]} Bxd5 {[%emt 0:00:45]} 22. c4 {[%emt 0:00:27]} Bc6 {[%emt 0:04:14]} 23. d5 {[%emt 0:03:10]} Bd7 {[%emt 0:00:28]} 24. c5 {[%emt 0:05:37]} Be5 {[%emt 0:01:01]} 25. Nc3 {[%emt 0:04:28]} Re8 {[%emt 0:01:34]} 26. f4 {[%emt 0:03:34]} Bf6 {[%emt 0:00:21]} 27. Qc2 {[%emt 0:00:44]} g6 {[%emt 0:17:32]} 28. Rxe8+ {[%emt 0:00:50]} Qxe8 {[%emt 0:00:18]} 29. Re1 {[%emt 0:00:59]} Qf8 {[%emt 0:00:05]} 30. h3 {[%emt 0:01:48]} Re8 {[%emt 0:01:22]} 31. Ne4 {[%emt 0:01:18]} Bd8 {[%emt 0:01:36]} 32. c6 {[%emt 0:02:46]} bxc6 {[%emt 0:00:56]} 33. dxc6 {[%emt 0:00:13]} Bf5 {[%emt 0:01:38]} 34. g4 {[%emt 0:01:17]} Bxe4 {[%emt 0:04:32]} 35. Rxe4 {[%emt 0:00:15]} Rxe4 {[%emt 0:00:34]} 36. Qxe4 {[%emt 0:00:08]} Bf6 {[%emt 0:00:07]} 37. Qd5 {[%emt 0:05:18]} Qa3 {[%emt 0:03:55]} 38. Kg2 {[%emt 0:00:37]} Qb2 {[%emt 0:00:17]} 39. g5 {[%emt 0:00:36]} hxg5 {[%emt 0:02:58]} 40. fxg5 {[%emt 0:00:08]} Be5 {[%emt 0:01:15]} 41. h4 {[%emt 0:17:18]} Qe2 {[%emt 0:16:20]} 42. Qd8+ {[%emt 0:01:35]} Kg7 {[%emt 0:00:17]} 43. Qd5 {[%emt 0:00:21]} a6 {[%emt 0:02:17]} 44. a4 {[%emt 0:01:27]} Qg4+ {[%emt 0:01:36]} 45. Kf1 {[%emt 0:00:21]} Qh3+ {[%emt 0:00:09]} 46. Ke2 {[%emt 0:00:20]} Qg4+ {[%emt 0:00:05]} 47. Kf1 {[%emt 0:00:23]} Qh3+ {[%emt 0:00:03]} 48. Ke2 {[%emt 0:00:12]} Qg4+ 1/2-1/2

[Event "Faroes Open 2018"]
[Site "Sandavagur"]
[Date "2018.07.13"]
[Round "8"]
[White "Nakar, Eylon"]
[Black "Nielsen, Hogni Egilstoft"]
[Result "1/2-1/2"]
[WhiteElo "2462"]
[BlackElo "2397"]
[Annotator "RC"]
[PlyCount "87"]
[EventDate "2018.07.07"]
[EventType "swiss"]
[EventCountry "FAI"]
[SourceTitle "playchess.com"]
[Source "ChessBase"]
[SourceQuality "1"]
[TimeControl "40/5400+30:900+30"]

1. e4 {[%emt 0:04:29]} e5 {[%emt 0:00:00]} 2. Nf3 {[%emt 0:00:04]} Nc6 {[%emt 0:00:00]} 3. Bb5 {[%emt 0:00:03]} a6 {[%emt 0:00:02]} 4. Ba4 {[%emt 0:00:04]} Nf6 {[%emt 0:01:12]} 5. O-O {[%emt 0:00:24]} b5 {[%emt 0:00:55]} 6. Bb3 {[%emt 0:00:02]} Be7 {[%emt 0:00:19]} 7. d3 {[%emt 0:10:27]} d6 {[%emt 0:04:10]} 8. a3 {[%emt 0:00:51]} Be6 {[%emt 0:02:42]} 9. Nc3 {[%emt 0:00:25]} Bxb3 {[%emt 0:05:34]} 10. cxb3 {[%emt 0:00:08]} O-O {[%emt 0:11:21]} 11. Be3 {[%emt 0:11:32]} d5 {[%emt 0:09:59]} 12. Bg5 {[%emt 0:01:54]} d4 {[%emt 0:15:08]} 13. Bxf6 {[%emt 0:01:57]} Bxf6 {[%emt 0:00:30]} 14. Nd5 {[%emt 0:00:02]} Nb8 {[%emt 0:07:17]} 15. b4 {[%emt 0:17:29]} c6 {[%emt 0:08:11]} 16. Nxf6+ {[%emt 0:00:06]} Qxf6 {[%emt 0:00:06]} 17. Nd2 {[%emt 0:04:27]} a5 {[%emt 0:06:04]} 18. bxa5 {[%emt 0:00:14]} Rxa5 {[%emt 0:03:57]} 19. Nb3 {[%emt 0:01:15]} Ra7 {[%emt 0:01:32]} 20. Nc5 {[%emt 0:01:52]} Na6 {[%emt 0:02:21]} 21. Qc2 {[%emt 0:01:43]} Qd6 {[%emt 0:00:45]} 22. Rfc1 {[%emt 0:04:23]} Rc8 {[%emt 0:01:43]} 23. g3 {[%emt 0:03:46]} Kf8 {[%emt 0:04:22]} 24. Nb3 {[%emt 0:13:32]} Nb8 {[%emt 0:03:58]} 25. Nc5 {[%emt 0:00:23]} Na6 {[%emt 0:00:10]} 26. Nb3 {[%emt 0:00:35]} Nb8 {[%emt 0:00:02]} 27. Nd2 {[%emt 0:02:46]} Nd7 {[%emt 0:03:31]} 28. Kg2 {[%emt 0:05:30]} Nb6 {[%emt 0:00:45]} 29. Qd1 {[%emt 0:02:23]} Na4 {[%emt 0:02:20]} 30. Rc2 {[%emt 0:01:40]} c5 {[%emt 0:00:37]} 31. Rac1 {[%emt 0:03:09]} Rac7 {[%emt 0:00:51]} 32. Qh5 {[%emt 0:04:23]} Kg8 {[%emt 0:01:15]} 33. b3 {[%emt 0:01:17]} Nc3 {[%emt 0:00:45]} 34. a4 {[%emt 0:01:20]} c4 {[%emt 0:01:17]} 35. dxc4 {[%emt 0:00:55]} bxa4 {[%emt 0:01:33]} 36. bxa4 {[%emt 0:00:15]} Nxa4 {[%emt 0:01:18]} 37. Ra2 {[%emt 0:00:22]} Nc3 {[%emt 0:01:00]} 38. Ra5 {[%emt 0:00:49]} f6 {[%emt 0:00:21]} 39. Rca1 {[%emt 0:01:07]} Qc6 {[%emt 0:01:02]} 40. Ra6 Qe8 {[%emt 0:00:25]} 41. Qg4 {[%emt 0:16:46]} Qd7 {[%emt 0:02:50]} 42. Qh5 {[%emt 0:00:00]} Qe8 {[%emt 0:02:32]} 43. Qg4 {[%emt 0:00:00]} Qd7 {[%emt 0:00:46]} 44. Qh5 {[%emt 0:00:00]} 1/2-1/2